Mon quizz - Statistiques

Statistiques générales
  • Ce quiz a été pris 6 fois
  • Le résultat moyen est 15 sur 65
Statistiques - réponses
Hint Réponse % Correct
combien de frère/soeur 1
100%
Prénom Jules
75%
sport que je fait Tennis
75%
mon classement max tennis 15/3
50%
Taille 1m78
50%
nombre d'essais code de la route 3
50%
pays que j'ai visité angleterre
50%
pays que j'ai visité Australie
50%
Nom Canzian
50%
rappeur US préféré Eminem
50%
sport que je fais Golf
50%
couleur préféré Jaune
50%
console que j'ai eu PS4
50%
console que j'ai Switch
50%
Année ramasseur de balle Roland Garros 2018
25%
Pointure 42,5
25%
date de naissance 4 août 2004
25%
origine de mon nom de famille Arménie
25%
Deuxième prénom Arthur
25%
jeu téléphone auquel j'ai le plus joué Clash of Clans
25%
prénom de ma mère Delphine
25%
joueur actuel de tennis préféré Denis Shapovalov
25%
console que j'ai eu DS
25%
paire de dunk trop cher que je veux avoir Dunk Low Travis Scott
25%
joueur français de tennis préféré Gaël Monfils
25%
ma série préféré Game of Thrones
25%
instrument que j'ai fait Guitare
25%
nom de l'orchestre dans lequel je joue JOSEM
25%
surnom Julio
25%
signe astro Lion
25%
groupe de musique préféré louise attaque
25%
jeu vidéo préféré console Mario Kart
25%
rappeur préféré Ninho
25%
pays que j'ai visité pays de galles
25%
Ville d'ou je viens Périgueux
25%
instrument que j'ai fait Piano
25%
nom(s) frère(s)/soeur(s) Pierre
25%
Ancien joueur de tennis préféré Roger Federer
25%
sport que je fais Salle de sport
25%
prénom de mon meilleur pote Théo
25%
instrument que je fais Trombone
25%
phobie aiguilles
0%
animé préféré Assassination classroom
0%
artiste préféré ( Electro-dub ) Biga ranx
0%
bière préférée Chouffe
0%
prénom de mon père Christophe
0%
sport que j'ai fait Escalade
0%
bonbon préféré Fraise Tagada
0%
Fruit préféré Framboise
0%
fruit préféré 2 fruit de la passion
0%
boisson soft préféré Ice tea Framboise
0%
film culte préféré Les bronzés font du ski
0%
nom de mon chat 2 Malo
0%
cocktail préféré Moscow Mule
0%
festival dans lequel je joue avec l'orchestre Musicalarue
0%
marque préféré Nike
0%
alcool préféré ( hors bière ) Pastis
0%
mon Disney préféré Peter et Elliot le dragon
0%
plat préféré 2 Pizza
0%
plat préféré Poulet curry
0%
artiste préféré 2 ( techno ) R3HAB
0%
nom de mon chat 3 Romy
0%
groupe de musique préféré 2 Ska-P
0%
nom de mon chat 1 Smarties
0%
instrument que j'ai fait Violon
0%
Aucun quiz correspondant
Distribution des résultats
% des personnes avec chaque résultat
Percentile par nombre de réponses
Votre historique - résultats
Vous n’avez pas pris ce quiz